[Event "BCF-chT3 0809 (4NCL)"]
[Site "Hinckley Island"]
[Date "2009.03.22"]
[Round "8.3"]
[White "Lee, Martin"]
[Black "Hadi, Justin"]
[Result "1-0"]
[WhiteElo "2050"]
[BlackElo "2015"]
[PlyCount "75"]
[EventDate "2008.10.18"]
[EventType "team-swiss"]
[EventRounds "11"]
[EventCountry "ENG"]
[SourceTitle "EXT 2010"]
[Source "ChessBase"]
[SourceDate "2010.11.25"]
[SourceVersion "1"]
[SourceVersionDate "2010.11.25"]
[SourceQuality "1"]
[WhiteTeam "Hilsmark Coventry"]
[BlackTeam "Oxford II"]
[WhiteTeamCountry "ENG"]
[BlackTeamCountry "ENG"]

1. d4 Nf6 2. c4 c5 3. d5 b5 4. cxb5 a6 5. bxa6 g6 6. b3 Bg7 7. Bb2 d6 8. g3 0-0 9. Bg2 Nbd7 10. Nh3 Rxa6 11. 0-0 Bb7 12. Nc3 Qa8 13. e4 Ne8 14. Qd2 Nc7 15. Na4 Nb5 16. Bxg7 Kxg7 17. Nf4 Nd4 18. Ne2 Nxe2+ 19. Qxe2 Nf6 20. Nc3 Ra3 21. Qb2 Qa5 22. Nb5 Rxa2 23. Rxa2 Qxb5 24. Rfa1 Rb8 25. Bf1 Qb6 26. Bc4 Kg8 27. Qe2 Nd7 28. f4 Qc7 29. Ra7 Kg7 30. Ba6 f6 31. Rxb7 Rxb7 32. Bxb7 Qxb7 33. Qc4 Qb8 34. Ra5 Qb6 35. Qb5 Qc7 36. Ra6 Kf7 37. Qc6 Qd8 38. Ra8 1-0